| 000 | 01036nam a2200241Ia 4500 | ||
|---|---|---|---|
| 999 |
_c40480 _d40480 |
||
| 001 | 7091 | ||
| 003 | GE_BSU | ||
| 005 | 20230915152057.0 | ||
| 008 | 181216s2010||||ge |||||||||||||| ||geo|| | ||
| 020 | _a9789941152 | ||
| 040 | _cGE_BSU | ||
| 041 | _ageo | ||
| 080 | _a821.111(73)-31 ფ-79 | ||
| 100 |
_aფოლკნერი, უილიამ _914793 |
||
| 245 |
_aხმაური და მძვინვარება : _bრომანი / _cუილიამ ფოლკნერი ; ინგლ. თარგმნა ზაურ კილაძემ. |
||
| 264 |
_aთბილისი : _bბაკურ სულაკაურის გამ-ბა, _c2010. |
||
| 300 |
_a304 გვ.; _c20 სმ. |
||
| 490 | _aმსოფლიო ლიტერატურის შედევრები და ბესტსელერები | ||
| 541 | _h17ლ. | ||
| 653 | _aრომანი | ||
| 700 |
_aკილაძე, ზაურ _eმთარგმნელი _919406 |
||
| 942 |
_cBK _2udc |
||